[Event "PRO League Group Stage"]
[Site "chess.com INT"]
[Date "2019.02.01"]
[Round "4"]
[White "Van Wely, Loek"]
[Black "Bacrot, Etienne"]
[Result "1/2-1/2"]
[WhiteTitle "GM"]
[BlackTitle "GM"]
[WhiteElo "2622"]
[BlackElo "2684"]
[WhiteTeam "Amsterdam Mosquitoes"]
[BlackTeam "Marseille Migraines"]
[WhiteFideId "1000268"]
[BlackFideId "605506"]
[EventDate "2019.01.08"]

1. Nf3 d5 2. c4 d4 3. g3 Nc6 4. Bg2 e5 5. O-O e4 6. Ne1 Nf6 7. d3 exd3 8. Nxd3
Be7 9. b4 O-O 10. b5 Na5 11. Qa4 c6 12. Bd2 b6 13. bxc6 Bg4 14. Re1 Re8 15. h3
Bf5 16. Bxa5 bxa5 17. Nd2 Rc8 18. Nb3 Ne4 19. Qxa5 Qxa5 20. Nxa5 Nc3 21. Nf4 Bd6
22. Bf3 Bxf4 23. gxf4 Be4 24. Kg2 f5 25. Rac1 Nxa2 26. Rcd1 Nb4 27. Rd2 d3 28.
Bxe4 fxe4 29. exd3 Nxd3 30. Rb1 Nxf4+ 31. Kg3 Nd3 32. Rb7 a6 33. Ra7 Re5 34. Nb7
Rg5+ 35. Kh2 Rf8 36. c7 Ne1 37. h4 Nf3+ 38. Kh3 Ng1+ 39. Kh2 Nf3+ 40. Kh3 Ng1+
41. Kh2 Nf3+ 1/2-1/2

[Event "PRO League Group Stage"]
[Site "chess.com INT"]
[Date "2019.02.01"]
[Round "4"]
[White "Le Roux, Jean-Pierre"]
[Black "Van Foreest, Jorden"]
[Result "1/2-1/2"]
[WhiteTitle "GM"]
[BlackTitle "GM"]
[WhiteElo "2533"]
[BlackElo "2612"]
[WhiteTeam "Marseille Migraines"]
[BlackTeam "Amsterdam Mosquitoes"]
[WhiteFideId "609404"]
[BlackFideId "1039784"]
[EventDate "2019.01.08"]

1. d4 d5 2. Nf3 Nf6 3. Bf4 c5 4. e3 e6 5. Nbd2 Bd6 6. Bg3 O-O 7. c3 b6 8. Bd3
Bb7 9. Qe2 Qc7 10. Rd1 Nbd7 11. Bxd6 Qxd6 12. e4 dxe4 13. Nxe4 Qf4 14. Nxf6+
Nxf6 15. dxc5 bxc5 16. Qe3 Qxe3+ 17. fxe3 Rab8 18. b3 Rfd8 19. c4 Kf8 20. Ke2
Rd6 21. Bc2 Ra6 22. Ra1 Ne4 23. Bxe4 Bxe4 24. Rhc1 Ke7 25. Nd2 Ba8 26. Rc3 Bxg2
27. e4 Rd6 28. Rg1 Rbd8 29. Rc2 Bh3 30. Rg3 h5 31. Rxh3 g6 32. a3 Rd4 33. b4 f5
34. exf5 exf5 35. bxc5 Kf6 36. Rb3 Rc8 37. Rb5 g5 38. Ra5 g4 39. Rxa7 Rxc5 40.
Ke3 Rd8 41. Kf2 Rd3 42. Rb7 Rxa3 43. Rb5 Rc8 44. c5 h4 45. c6 h3 46. c7 g3+ 47.
hxg3 h2 48. Rb1 f4 49. gxf4 Kf5 50. Rh1 Rh3 51. Kg2 Kg4 52. Nf1 Rh7 53. Rxh2
Rcxc7 54. Rf2 Rhe7 55. Rh3 Re1 56. Rg3+ Kf5 57. Ne3+ Ke4 58. Ng4 Rcc1 59. Kh3
Rh1+ 60. Nh2 Rc8 61. Rg4 Rh8+ 62. Rh4 Rg8 63. f5+ Ke5 64. f6 Rhg1 65. Ng4+ Ke6
66. f7 Rf8 67. Kh2 Rc1 68. Nh6 Rc5 69. Kh3 Rg5 70. Re4+ Kd5 71. Rh4 Rg1 72. Ng4
Ke6 73. Re2+ Kxf7 74. Rf2+ Kg7 75. Rxf8 Kxf8 76. Kh2 Ra1 77. Nf2 1/2-1/2

[Event "PRO League Group Stage"]
[Site "chess.com INT"]
[Date "2019.02.01"]
[Round "4"]
[White "Lopez, Jasel"]
[Black "Sebag, Marie"]
[Result "0-1"]
[WhiteTitle "FM"]
[BlackTitle "GM"]
[WhiteElo "2388"]
[BlackElo "2476"]
[WhiteTeam "Amsterdam Mosquitoes"]
[BlackTeam "Marseille Migraines"]
[WhiteFideId "15900045"]
[BlackFideId "617822"]
[EventDate "2019.01.08"]

1. Nf3 d5 2. d4 Nf6 3. c4 c6 4. Qc2 g6 5. Bf4 Bg7 6. e3 O-O 7. Bd3 Nbd7 8. Nc3
e6 9. O-O dxc4 10. Bxc4 b5 11. Be2 Bb7 12. Ne5 a6 13. Bf3 Rc8 14. b4 Nd5 15. Qb3
Nxe5 16. Bxe5 Bxe5 17. dxe5 Qg5 18. Bxd5 cxd5 19. f4 Qh5 20. Rf2 d4 21. exd4 Rc4
22. Ne2 Rfc8 23. f5 gxf5 24. Nf4 Qg5 25. Rd1 Rc3 26. Qb2 Bf3 27. Nh3 Qg4 28.
Rdf1 Be4 29. Qd2 Rc2 30. Qg5+ Qxg5 31. Nxg5 Bd5 32. Nh3 Rxf2 33. Rxf2 Rc1+ 34.
Rf1 Rc4 35. a3 Rxd4 36. Rc1 Re4 37. Rc8+ Kg7 38. Rc7 Rxe5 39. Ng5 Re2 40. g3 e5
41. Rd7 Bc4 42. h4 e4 43. h5 Ra2 44. Rd6 h6 45. Nh3 Rxa3 46. Kf2 Rf3+ 47. Kg2
Bf1+ 48. Kh2 Bxh3 49. Kxh3 Rb3 50. Rxa6 f4 51. Rb6 Rxg3+ 52. Kh4 Rg5 53. Rb7 f3
54. Re7 f2 55. Re8 Rf5 0-1

[Event "PRO League Group Stage"]
[Site "chess.com INT"]
[Date "2019.02.01"]
[Round "4"]
[White "Delorme, Alban"]
[Black "Van der Lende, Ilias"]
[Result "1-0"]
[WhiteTitle "FM"]
[BlackTitle "FM"]
[WhiteElo "2320"]
[BlackElo "2334"]
[WhiteTeam "Marseille Migraines"]
[BlackTeam "Amsterdam Mosquitoes"]
[WhiteFideId "623636"]
[BlackFideId "1019260"]
[EventDate "2019.01.08"]

1. e4 e6 2. d4 d5 3. Nc3 Bb4 4. Ne2 dxe4 5. a3 Bxc3+ 6. Nxc3 Nc6 7. Bb5 Ne7 8.
Nxe4 Qd5 9. Qe2 O-O 10. c3 f5 11. Nc5 b6 12. Na6 Qd6 13. Bg5 Bb7 14. O-O-O h6
15. Bd2 Nd5 16. Rhe1 Nf4 17. Bxf4 Qxf4+ 18. Kb1 Rae8 19. Nb4 Nxb4 20. axb4 Re7
21. d5 e5 22. g3 Qg5 23. f4 Qg6 24. fxe5 Rd8 25. Bc4 Kh8 26. Qd3 b5 27. Bb3 a6
28. h3 Qf7 29. Ka2 Qe8 30. Qxf5 Red7 31. e6 Rd6 32. e7 Ra8 33. Re6 a5 34. bxa5
Rxa5+ 35. Kb1 Rxe6 36. Qf8+ 1-0

[Event "PRO League Group Stage"]
[Site "chess.com INT"]
[Date "2019.02.01"]
[Round "4"]
[White "Huschenbeth, Niclas"]
[Black "Andreikin, Dmitry"]
[Result "0-1"]
[WhiteTitle "GM"]
[BlackTitle "GM"]
[WhiteElo "2585"]
[BlackElo "2725"]
[WhiteTeam "Berlin Bears"]
[BlackTeam "Volga Stormbringers"]
[WhiteFideId "24604747"]
[BlackFideId "4158814"]
[EventDate "2019.01.08"]

1. e4 c5 2. Nf3 e6 3. d4 cxd4 4. Nxd4 Nc6 5. Nc3 Qc7 6. Be3 a6 7. Bd3 Nf6 8. O-O
h5 9. h3 Nxd4 10. Bxd4 Bc5 11. Be2 d6 12. Bxf6 gxf6 13. Bxh5 Bd7 14. Qf3 Bd4 15.
Bg4 O-O-O 16. Qd3 Ba7 17. Rad1 Bb8 18. Qd4 Rh6 19. Na4 Bxa4 20. Qxa4 Ba7 21. Rd3
Kb8 22. Rb3 Rg8 23. Qxa6 d5 24. exd5 exd5 25. Re1 Ka8 26. Qa4 f5 27. Bf3 Re6 28.
Rxe6 fxe6 29. Qb5 Rb8 30. Ra3 Rc8 31. Rc3 Qd8 32. Rb3 Qe7 33. Ra3 Kb8 34. Qa5
Bc5 35. Rc3 b6 36. Qb5 Qd6 37. Rd3 Qe5 38. Rd1 Ka7 39. c4 Bd6 40. Kf1 Rxc4 41.
g3 Bc7 42. Re1 Qd6 43. Qb3 Kb8 44. Rd1 Qc5 45. Qd3 b5 46. h4 Bb6 47. Rd2 Qb4 48.
Kg2 Rd4 49. Qxd4 Bxd4 50. Re2 Qd6 51. h5 Bg7 52. Rd2 Bh6 53. Rd1 d4 54. Be2 e5
55. f3 e4 56. Bxb5 exf3+ 57. Kf1 Qxg3 0-1

[Event "PRO League Group Stage"]
[Site "chess.com INT"]
[Date "2019.02.01"]
[Round "4"]
[White "Oparin, Grigoriy"]
[Black "Lampert, Jonas"]
[Result "1-0"]
[WhiteTitle "GM"]
[BlackTitle "IM"]
[WhiteElo "2613"]
[BlackElo "2544"]
[WhiteTeam "Volga Stormbringers"]
[BlackTeam "Berlin Bears"]
[WhiteFideId "24125890"]
[BlackFideId "1303759"]
[EventDate "2019.01.08"]

1. Nf3 d5 2. g3 Nc6 3. d4 Bf5 4. Bg2 Nb4 5. Na3 e6 6. O-O h6 7. Bf4 Bd6 8. Ne5
Ne7 9. c4 f6 10. Qa4+ c6 11. c5 fxe5 12. cxd6 exf4 13. Qxb4 Ng6 14. Qxb7 O-O 15.
Qxc6 Rb8 16. b3 h5 17. Qc7 Qg5 18. h4 Qg4 19. d7 e5 20. Bxd5+ Kh7 21. Bf3 Qh3
22. Bg2 Qg4 23. Qc3 e4 24. Nc4 e3 25. Ne5 Nxe5 26. dxe5 Bxd7 27. fxe3 fxg3 28.
Qd4 Bf5 29. Rf4 Qxe2 30. Raf1 Bh3 31. Qe4+ Kg8 32. Qd5+ Kh7 33. Rxf8 Qxe3+ 34.
Kh1 Bxg2+ 35. Kxg2 Qe2+ 36. Kxg3 Qg4+ 37. Kh2 Qxh4+ 38. Kg1 Rb4 39. Qd3+ Kh6 40.
Rh8+ Kg5 41. Qf5# 1-0

[Event "PRO League Group Stage"]
[Site "chess.com INT"]
[Date "2019.02.01"]
[Round "4"]
[White "Baldauf, Marco"]
[Black "Frolyanov, Dmitry"]
[Result "1-0"]
[WhiteTitle "IM"]
[BlackTitle "GM"]
[WhiteElo "2485"]
[BlackElo "2517"]
[WhiteTeam "Berlin Bears"]
[BlackTeam "Volga Stormbringers"]
[WhiteFideId "4688210"]
[BlackFideId "4151976"]
[EventDate "2019.01.08"]

1. d4 d5 2. c4 e6 3. Nc3 c6 4. e3 Bd6 5. Bd3 f5 6. Nge2 Nf6 7. Qc2 O-O 8. cxd5
cxd5 9. Nb5 Nc6 10. Nxd6 Qxd6 11. Bd2 Bd7 12. f3 Rac8 13. Qb3 Kh8 14. O-O g5 15.
Be1 g4 16. Bg3 Qe7 17. Bb5 gxf3 18. gxf3 Nh5 19. Bxc6 Nxg3 20. hxg3 Bxc6 21. Kf2
Rg8 22. Rh1 a6 23. a4 Rg7 24. Rh3 Rcg8 25. Rah1 Qe8 26. Nf4 Rf8 27. Qb4 Kg8 28.
Rh6 e5 29. Ne6 f4 30. exf4 exf4 31. gxf4 Re7 32. Rg1+ Kh8 33. Qd6 Rf5 34. Rg5
Rxg5 35. fxg5 Bd7 36. Nf4 Re1 37. Ng6+ Kg8 38. Ne5 Qc8 39. Qxd5+ Kh8 40. Rxh7+ 1-0

[Event "PRO League Group Stage"]
[Site "chess.com INT"]
[Date "2019.02.01"]
[Round "4"]
[White "Garifullina, Leya"]
[Black "Florstedt, Johannes"]
[Result "1-0"]
[WhiteTitle "WCM"]
[BlackTitle "FM"]
[WhiteElo "2132"]
[BlackElo "2320"]
[WhiteTeam "Volga Stormbringers"]
[BlackTeam "Berlin Bears"]
[WhiteFideId "34127035"]
[BlackFideId "12922293"]
[EventDate "2019.01.08"]

1. e4 c5 2. Nf3 d6 3. d4 cxd4 4. Nxd4 Nf6 5. Nc3 a6 6. h3 e6 7. g4 h6 8. Bg2 Be7
9. O-O g5 10. b3 Nbd7 11. Bb2 Ne5 12. Qd2 Ng6 13. Nce2 Qb6 14. Qe3 Nf4 15. Nxf4
gxf4 16. Qe2 Bd7 17. Rad1 O-O-O 18. e5 dxe5 19. Qxe5 Qc7 20. Qxc7+ Kxc7 21. Nf3
Bc6 22. Be5+ Kc8 23. Bxf4 h5 24. g5 Nd5 25. Be5 Rhg8 26. c4 Nb4 27. Rxd8+ Bxd8
28. h4 f6 29. Bd6 Nxa2 30. Kh2 fxg5 31. Nxg5 Bxg2 32. Kxg2 Bxg5 33. hxg5 Rxg5+
34. Kf3 Kd7 35. Bf4 Rf5 36. Rd1+ Ke7 37. Ke3 e5 38. Bg3 Nb4 39. Ke4 Ke6 40. Rd8
h4 41. Re8+ Kf7 42. Kxf5 hxg3 43. Rd8 gxf2 44. Rd1 Nd3 45. Rf1 Ke7 46. Ke4 Nc5+
47. Kxe5 a5 48. Kd5 Nxb3 49. Rxf2 Kd7 50. Rb2 a4 51. Ra2 Na5 52. Rxa4 Nc6 53.
Ra1 Kc7 54. c5 Nd8 55. Rh1 Nc6 56. Rh7+ Kb8 57. Kc4 Ka7 58. Rh1 Kb8 59. Kb5 Na7+
60. Kb6 Nc8+ 61. Ka5 Kc7 62. Rh6 Na7 63. Rh7+ Kc6 64. Kb4 Nc8 65. Rh8 Kc7 66.
Rg8 Na7 67. Kc4 Nc6 68. Rg7+ Kc8 69. Kd5 Kb8 70. Kd6 Ka7 71. Rg1 Kb8 72. Rb1 Na7
73. Kd5 Kc7 74. Rh1 Nc6 75. Rh7+ Kb8 76. Kd6 Ka7 77. Rc7 Ka6 78. Rxc6+ bxc6 79.
Kxc6 Ka7 80. Kd7 1-0

[Event "PRO League Group Stage"]
[Site "chess.com INT"]
[Date "2019.02.01"]
[Round "4"]
[White "Andriasian, Zaven"]
[Black "Gupta, Abhijeet"]
[Result "1-0"]
[WhiteTitle "GM"]
[BlackTitle "GM"]
[WhiteElo "2604"]
[BlackElo "2581"]
[WhiteTeam "Armenia Eagles"]
[BlackTeam "Delhi Dynamite"]
[WhiteFideId "13302000"]
[BlackFideId "5010608"]
[EventDate "2019.01.08"]

1. e4 c5 2. Nf3 d6 3. d4 cxd4 4. Nxd4 Nf6 5. Nc3 Nc6 6. Bg5 e6 7. Qd2 a6 8.
O-O-O Bd7 9. f3 Be7 10. h4 Nxd4 11. Qxd4 Qc7 12. Kb1 b5 13. Qd2 b4 14. Ne2 a5
15. Nd4 Qb7 16. h5 h6 17. Be3 a4 18. g4 b3 19. cxb3 axb3 20. a3 O-O 21. Bd3 Nh7
22. f4 Nf6 23. Qg2 d5 24. e5 Ne4 25. Bxe4 dxe4 26. g5 Kh8 27. f5 exf5 28. gxh6
gxh6 29. e6 Rg8 30. Qh2 Bxe6 31. Nxe6 fxe6 32. Qe5+ Kh7 33. Qxe6 Ra6 34. Qxf5+ 1-0

[Event "PRO League Group Stage"]
[Site "chess.com INT"]
[Date "2019.02.01"]
[Round "4"]
[White "Narayanan, S.L."]
[Black "Martirosyan, Haik M."]
[Result "1/2-1/2"]
[WhiteTitle "GM"]
[BlackTitle "GM"]
[WhiteElo "2575"]
[BlackElo "2607"]
[WhiteTeam "Delhi Dynamite"]
[BlackTeam "Armenia Eagles"]
[WhiteFideId "5058422"]
[BlackFideId "13306553"]
[EventDate "2019.01.08"]

1. Nf3 Nf6 2. g3 d5 3. Bg2 c6 4. O-O Bg4 5. h3 Bxf3 6. Bxf3 Nbd7 7. d3 e6 8. e4
Be7 9. Qe2 O-O 10. Bg2 a5 11. a4 Qb6 12. Nc3 Rad8 13. e5 Ne8 14. Kh1 Nc7 15. f4
f5 16. Qd1 Kh8 17. d4 c5 18. Ne2 cxd4 19. Nxd4 Nc5 20. c3 Ne4 21. Kh2 Bc5 22.
Qd3 Bxd4 23. Qxd4 Qxd4 24. cxd4 Na6 25. Be3 Nb4 26. Rac1 Rc8 27. g4 g6 28. gxf5
gxf5 29. Rg1 Nc2 30. Bxe4 fxe4 31. Bf2 Rxf4 32. Bg3 Rf7 33. Bh4 h5 34. Bf6+ Kh7
35. Rg2 Rfc7 36. Rg5 Kh6 37. Rd1 Ne3 38. Rdg1 Nf5 39. Rg6+ Kh7 40. R6g5 Rc2+ 41.
Kh1 Kh6 42. Rg6+ Kh7 43. R6g5 Kh6 44. Bg7+ Nxg7 45. Rg6+ Kh7 46. Rxg7+ Kh8 47.
R7g6 R8c7 48. Rg8+ Kh7 49. R8g5 Kh8 50. Rg8+ Kh7 51. R8g5 Kh8 52. Rg8+ Kh7 53.
R8g5 Kh6 54. Rg6+ Kh7 55. R6g5 1/2-1/2

[Event "PRO League Group Stage"]
[Site "chess.com INT"]
[Date "2019.02.01"]
[Round "4"]
[White "Sargsyan, Shant"]
[Black "Nihal, Sarin"]
[Result "1-0"]
[WhiteTitle "IM"]
[BlackTitle "GM"]
[WhiteElo "2486"]
[BlackElo "2578"]
[WhiteTeam "Armenia Eagles"]
[BlackTeam "Delhi Dynamite"]
[WhiteFideId "13306766"]
[BlackFideId "25092340"]
[EventDate "2019.01.08"]

1. d4 Nf6 2. c4 e6 3. g3 d5 4. Bg2 dxc4 5. Nf3 c5 6. O-O Nc6 7. dxc5 Qxd1 8.
Rxd1 Bxc5 9. Nfd2 Na5 10. Na3 Bxa3 11. bxa3 Bd7 12. Bb2 Rc8 13. Bc3 b6 14. Rdc1
Rc7 15. Rab1 O-O 16. Bxa5 bxa5 17. Nxc4 a4 18. Nd6 Rxc1+ 19. Rxc1 Rb8 20. Bc6 g5
21. Bxd7 Nxd7 22. Rc7 Ne5 23. Rxa7 Rb1+ 24. Kg2 Rb2 25. Rxa4 Rxa2 26. Re4 Nd7
27. Nc4 Kg7 28. Rd4 Nf6 29. Rd2 Ra1 30. Rc2 h6 31. Ne5 Nd5 32. e4 Ne7 33. Rc7
Kf8 34. Ra7 Re1 35. Nd7+ Kg7 36. Nc5 Kf8 37. a4 Nc6 38. Rc7 Ne5 39. h3 h5 40. f4
gxf4 41. gxf4 Ng6 42. f5 exf5 43. exf5 Nf4+ 44. Kf2 Ra1 45. h4 Kg7 46. Kf3 Nd5
47. Rd7 Ra3+ 48. Kf2 Nf4 49. Rd4 Ra2+ 50. Kf3 Ne2 51. Rc4 Ng1+ 52. Kf4 Rg2 53.
Ke5 Nf3+ 54. Kd5 Rd2+ 55. Ke4 Nxh4 56. a5 Re2+ 57. Kf4 Ng2+ 58. Kf3 Ra2 59. Ra4
Ne1+ 60. Kg3 Rc2 61. a6 Rxc5 62. a7 Rc3+ 63. Kf4 Nd3+ 64. Kg5 f6+ 65. Kxh5 Nf4+
66. Kg4 Rc8 67. Kxf4 Ra8 68. Ke4 Kh6 69. Kd5 Kg5 70. Ke6 Re8+ 71. Kf7 Ra8 72.
Ra5 1-0

[Event "PRO League Group Stage"]
[Site "chess.com INT"]
[Date "2019.02.01"]
[Round "4"]
[White "Manu, David Suthandram R"]
[Black "Manukian, Artak"]
[Result "0-1"]
[WhiteElo "2252"]
[BlackElo "2196"]
[WhiteTeam "Delhi Dynamite"]
[BlackTeam "Armenia Eagles"]
[WhiteFideId "35019562"]
[BlackFideId "13301373"]
[EventDate "2019.01.08"]

1. e4 c6 2. Nf3 d5 3. exd5 cxd5 4. d4 Nc6 5. c4 Nf6 6. h3 e6 7. Be2 Be7 8. O-O
dxc4 9. Bxc4 O-O 10. Nc3 Nb4 11. Ne5 Nbd5 12. Qf3 Nb6 13. Rd1 Nxc4 14. Nxc4 Nd5
15. Ne3 Nxc3 16. bxc3 Rb8 17. c4 b6 18. Bb2 Qc7 19. d5 Bd6 20. Re1 e5 21. Rac1
f5 22. c5 bxc5 23. Nc4 e4 24. Qc3 Bh2+ 25. Kh1 Bf4 26. Rcd1 Ba6 27. d6 Qf7 28.
Ne5 Bxe5 29. Qxe5 Rfe8 30. Qc3 Bd3 31. Ba1 c4 32. Qd4 Rbd8 33. Bc3 Re6 34. Bb4
f4 35. Rc1 f3 36. Re3 fxg2+ 37. Kxg2 Rg6+ 38. Rg3 Rxg3+ 39. fxg3 h6 40. Bc3 Kh7
41. Re1 Qg6 42. Bb4 Rd7 43. Qd5 Qf6 44. Bc5 c3 45. Rxe4 Bxe4+ 46. Qxe4+ Qg6 47.
Qa4 c2 48. Ba3 Rxd6 0-1

[Event "PRO League Group Stage"]
[Site "chess.com INT"]
[Date "2019.02.01"]
[Round "4"]
[White "Gupta, Abhijeet"]
[Black "Duda, Jan-Krzysztof"]
[Result "0-1"]
[WhiteTitle "GM"]
[BlackTitle "GM"]
[WhiteElo "2581"]
[BlackElo "2738"]
[WhiteTeam "Delhi Dynamite"]
[BlackTeam "Cannes Blitzstreams"]
[WhiteFideId "5010608"]
[BlackFideId "1170546"]
[EventDate "2019.01.08"]

1. d4 Nf6 2. c4 e6 3. Nf3 b6 4. a3 Bb7 5. Nc3 Ne4 6. Qc2 Nxc3 7. bxc3 f5 8. e3
Be7 9. Bd3 O-O 10. e4 fxe4 11. Bxe4 Bxe4 12. Qxe4 Nc6 13. O-O Na5 14. d5 Nb3 15.
Rb1 Nxc1 16. Rbxc1 Bxa3 17. Ra1 Bd6 18. dxe6 Qe7 19. Nd4 dxe6 20. f4 Rae8 21. g3
a5 22. Kg2 Qf7 23. Rae1 Qg6 24. Nxe6 Qxe4+ 25. Rxe4 Re7 26. c5 Rxe6 27. Rxe6
Bxc5 28. Rfe1 Kf7 29. Rc6 Bd6 30. Rc4 Ra8 31. Ra1 Ke6 32. Kf3 b5 33. Re4+ Kd7
34. f5 a4 35. h4 c5 36. g4 b4 37. cxb4 cxb4 38. g5 b3 39. Ree1 a3 40. Reb1 b2
41. Ra2 Ra5 42. Kg4 Ra4+ 43. Kh3 Rf4 44. f6 gxf6 45. gxf6 Rf2 46. Kg4 Ke6 47.
Rd1 b1=Q 48. Rxb1 Rxa2 49. Rf1 Rg2+ 50. Kh5 Kf7 51. Kh6 a2 52. Kxh7 Be5 0-1

[Event "PRO League Group Stage"]
[Site "chess.com INT"]
[Date "2019.02.01"]
[Round "4"]
[White "Velten, Paul"]
[Black "Narayanan, S.L."]
[Result "0-1"]
[WhiteTitle "GM"]
[BlackTitle "GM"]
[WhiteElo "2496"]
[BlackElo "2575"]
[WhiteTeam "Cannes Blitzstreams"]
[BlackTeam "Delhi Dynamite"]
[WhiteFideId "681091"]
[BlackFideId "5058422"]
[EventDate "2019.01.08"]

1. d4 Nf6 2. c4 e6 3. Nf3 d5 4. Nc3 a6 5. cxd5 exd5 6. Bg5 Be6 7. e3 Nbd7 8. Bd3
Bd6 9. Bf4 Qe7 10. Bxd6 Qxd6 11. h3 O-O 12. O-O c6 13. Qc2 Rac8 14. Rfd1 Rfe8
15. Rac1 c5 16. dxc5 Nxc5 17. Qd2 Qb6 18. Bb1 Nce4 19. Nxe4 dxe4 20. Nd4 Bd5 21.
b3 g6 22. Qb2 h5 23. Ne2 Rxc1 24. Rxc1 Qd6 25. Qd4 Qe7 26. Rd1 Bc6 27. Nc3 h4
28. b4 b5 29. Bc2 Bd7 30. Nxe4 Nxe4 31. Qxd7 Nc3 32. Qxe7 Rxe7 33. Rd8+ Kg7 34.
Bb3 Rc7 35. f3 Ne2+ 36. Kf2 Nc1 37. Rd2 Rc3 38. Bd5 Nd3+ 39. Ke2 Nxb4 40. Bb3
Rc7 41. Rd4 a5 42. Rxh4 Nxa2 43. Rd4 Nc1+ 0-1

[Event "PRO League Group Stage"]
[Site "chess.com INT"]
[Date "2019.02.01"]
[Round "4"]
[White "Nihal, Sarin"]
[Black "Barseghyan, Harutyun"]
[Result "1-0"]
[WhiteTitle "GM"]
[BlackTitle "IM"]
[WhiteElo "2578"]
[BlackElo "2457"]
[WhiteTeam "Delhi Dynamite"]
[BlackTeam "Cannes Blitzstreams"]
[WhiteFideId "25092340"]
[BlackFideId "13304585"]
[EventDate "2019.01.08"]

1. e4 e6 2. d4 d5 3. Bd3 c5 4. exd5 exd5 5. Nf3 c4 6. Be2 Nf6 7. O-O Be7 8. b3
cxb3 9. axb3 O-O 10. Bd3 Bg4 11. h3 Bh5 12. c3 Nc6 13. Re1 a6 14. Ba3 Bxa3 15.
Nxa3 Qd6 16. Nc2 Qf4 17. Ne3 Bxf3 18. Qxf3 Qxf3 19. gxf3 Rfd8 20. Nd1 Kf8 21.
Nb2 Nh5 22. Na4 Nf4 23. Bf1 Ne6 24. b4 Rac8 25. Reb1 Rc7 26. Nc5 Nxc5 27. bxc5
Rdd7 28. Rb6 f5 29. Bd3 g6 30. Bc2 Rd8 31. h4 Ke7 32. Kg2 a5 33. Ba4 Ra8 34.
Rab1 Ra7 35. Kg3 Nd8 36. Re1+ Kf7 37. Re5 Nc6 38. Rxd5 Ne7 39. Rdd6 Kg7 40. Rd8
f4+ 41. Kxf4 Nf5 42. h5 Rf7 43. hxg6 hxg6 44. Bb3 Rf8 45. Rxf8 Kxf8 46. Rxg6 Ne7
47. Rf6+ Ke8 48. Ba4+ Kd8 49. c4 1-0

[Event "PRO League Group Stage"]
[Site "chess.com INT"]
[Date "2019.02.01"]
[Round "4"]
[White "Bordi, Kevin"]
[Black "Manu, David Suthandram R"]
[Result "1/2-1/2"]
[WhiteElo "2288"]
[BlackElo "2252"]
[WhiteTeam "Cannes Blitzstreams"]
[BlackTeam "Delhi Dynamite"]
[WhiteFideId "621862"]
[BlackFideId "35019562"]
[EventDate "2019.01.08"]

1. d4 Nf6 2. Bg5 d5 3. Bxf6 exf6 4. e3 Bb4+ 5. Nd2 O-O 6. Bd3 Re8 7. Ne2 Nd7 8.
O-O Nf8 9. c4 dxc4 10. Bxc4 Be6 11. Rc1 c6 12. Nf4 Qa5 13. Nb3 Qb6 14. Nxe6 Nxe6
15. Qc2 a5 16. Bxe6 fxe6 17. Nc5 e5 18. Qc4+ Kh8 19. dxe5 Bxc5 20. Qxc5 Qxb2 21.
exf6 Qxf6 22. Rfd1 Red8 23. e4 Qb2 24. a4 Rxd1+ 25. Rxd1 Qe2 26. Qd4 h6 27. h3
b5 28. axb5 cxb5 29. Rc1 1/2-1/2

[Event "PRO League Group Stage"]
[Site "chess.com INT"]
[Date "2019.02.01"]
[Round "4"]
[White "Andreikin, Dmitry"]
[Black "Andriasian, Zaven"]
[Result "1/2-1/2"]
[WhiteTitle "GM"]
[BlackTitle "GM"]
[WhiteElo "2725"]
[BlackElo "2604"]
[WhiteTeam "Volga Stormbringers"]
[BlackTeam "Armenia Eagles"]
[WhiteFideId "4158814"]
[BlackFideId "13302000"]
[EventDate "2019.01.08"]

1. e4 c5 2. Nf3 d6 3. d4 cxd4 4. Qxd4 Nc6 5. Bb5 Bd7 6. Qd3 Nf6 7. O-O g6 8. c4
Bg7 9. Nc3 O-O 10. h3 Rc8 11. Rd1 a6 12. Bxc6 Bxc6 13. Nd4 Nd7 14. Be3 Nc5 15.
Qb1 Ne6 16. Nxe6 fxe6 17. f3 b5 18. cxb5 axb5 19. a3 Qa5 20. Qd3 b4 21. axb4
Qxb4 22. Rab1 Bd7 23. Bd4 Bxd4+ 24. Qxd4 Rc4 25. Qa7 Rd8 26. Kh1 Qb8 27. Qf2 Rb4
28. Rd2 Be8 29. Qh4 Qb7 30. Rf1 Bf7 31. Qg5 Rc8 32. Rff2 Rc5 33. Qe3 Rc6 34. f4
Rcb6 35. e5 d5 36. Ne2 Rb3 37. Qc5 Rc6 38. Qa5 Ra6 39. Qc5 Rc6 40. Qa5 Ra6 41.
Qc5 Rc6 1/2-1/2

[Event "PRO League Group Stage"]
[Site "chess.com INT"]
[Date "2019.02.01"]
[Round "4"]
[White "Martirosyan, Haik M."]
[Black "Oparin, Grigoriy"]
[Result "1-0"]
[WhiteTitle "GM"]
[BlackTitle "GM"]
[WhiteElo "2607"]
[BlackElo "2613"]
[WhiteTeam "Armenia Eagles"]
[BlackTeam "Volga Stormbringers"]
[WhiteFideId "13306553"]
[BlackFideId "24125890"]
[EventDate "2019.01.08"]

1. d4 Nf6 2. c4 e6 3. Nf3 d5 4. Nc3 Be7 5. Bg5 h6 6. Bxf6 Bxf6 7. Rc1 O-O 8. e3
c6 9. Bd3 Nd7 10. O-O dxc4 11. Bxc4 e5 12. d5 Nb6 13. b3 Bf5 14. dxc6 bxc6 15.
e4 Bg6 16. Qe2 Bh5 17. Ba6 Qe7 18. h3 Rfd8 19. g4 Bg6 20. Rfd1 Bg5 21. Nxg5 hxg5
22. Qe3 f6 23. a4 Bf7 24. a5 Nd7 25. Bb7 Rab8 26. Bxc6 Rxb3 27. Qxa7 Be6 28. Qc7
Kh7 29. a6 Rb2 30. Nd5 Bxd5 31. Rxd5 Qa3 32. Bxd7 Qf3 33. Qc5 Rdb8 34. Qe3 Qxe3
35. fxe3 Ra2 36. Bb5 Ra5 37. Bf1 Ra3 38. Rd7 Rbb3 39. Rcc7 Rxe3 40. Rxg7+ Kh8
41. Rgd7 1-0

[Event "PRO League Group Stage"]
[Site "chess.com INT"]
[Date "2019.02.01"]
[Round "4"]
[White "Frolyanov, Dmitry"]
[Black "Sargsyan, Shant"]
[Result "0-1"]
[WhiteTitle "GM"]
[BlackTitle "IM"]
[WhiteElo "2517"]
[BlackElo "2486"]
[WhiteTeam "Volga Stormbringers"]
[BlackTeam "Armenia Eagles"]
[WhiteFideId "4151976"]
[BlackFideId "13306766"]
[EventDate "2019.01.08"]

1. Nf3 d5 2. g3 g6 3. Bg2 Bg7 4. O-O Nf6 5. d4 O-O 6. c4 Nc6 7. cxd5 Nxd5 8. Nc3
e5 9. Nxd5 e4 10. Ne5 Qxd5 11. Nxc6 Qxc6 12. d5 Qe8 13. Bf4 Bxb2 14. Rb1 Be5 15.
Bh6 f5 16. Bxf8 Qxf8 17. Qb3 Bd6 18. e3 b6 19. f3 Ba6 20. fxe4 Bxf1 21. Rxf1 Re8
22. Kh1 Qh6 23. exf5 Rxe3 24. Qc2 Bxg3 25. Bf3 Qh3 26. Qg2 Qxg2+ 27. Kxg2 Bd6
28. fxg6 hxg6 29. Bg4 Kg7 30. Rf2 Rd3 31. Be6 b5 32. h3 b4 33. Rf3 Rd2+ 34. Rf2
Rd1 35. Rf1 Rd4 36. Kf3 a5 37. Ke3 Rc4 38. Kd3 Rc3+ 39. Ke4 a4 40. Bd7 a3 41.
Ba4 Rxh3 42. Rf3 Rh2 43. Bb3 Rd2 44. Rd3 Rb2 45. Kf3 Kf6 46. Kg4 Ke5 47. Re3+
Kd4 48. Kf3 Rh2 49. Re4+ Kc3 50. Rc4+ Kb2 51. Kg4 Rg2+ 52. Kf3 Rg3+ 0-1